书目信息 |
| 题名: |
中文版Google SketchUp Pro 8.0完全自学教程
|
|
| 作者: | 马亮 , 王芬 , 边海 编著 | |
| 分册: | ||
| 出版信息: | 北京 人民邮电出版社 2012.1h2014.12 |
|
| 页数: | 421页 | |
| 开本: | 26cm | |
| 丛书名: | ||
| 单 册: | ||
| 中图分类: | TU201.4 | |
| 科图分类: | ||
| 主题词: | 建筑设计--计算机辅助设计--应用软件--教材 | |
| 电子资源: | ||
| ISBN: | 978-7-115-26747-4 | |
| 000 | 01335nam0 2200277 450 | |
| 001 | 0400003990 | |
| 005 | 20171023094815.0 | |
| 010 | @a978-7-115-26747-4@dCNY88.00 | |
| 100 | @a20120219e20142012em y0chiy50 ea | |
| 101 | 0 | @achi |
| 102 | @aCN@b110000 | |
| 105 | @ay z 000yy | |
| 106 | @ar | |
| 200 | 1 | @a中文版Google SketchUp Pro 8.0完全自学教程@9zhong wen ban Google SketchUp Pro 8.0 wan quan zi xue jiao cheng@f马亮,王芬,边海编著 |
| 210 | @a北京@c人民邮电出版社@d2012.1h2014.12 | |
| 215 | @a421页@c彩图@d26cm@e1光盘 | |
| 307 | @a附光盘:ISBN 978-7-89443-655-9 | |
| 330 | @a本书从SketchUp 8.0的基本操作入手,结合大量的可操作性实例(134个实战和8个综合实例),全面而深入地阐述了SketchUp 8.0的建模、材质、动画与插件等方面的技术。在软件运用方面,本书还结合了3ds Max、Photoshop与VRay渲染器进行讲解,向读者展示了如何运用SketchUp 8.0结合这些软件及VRay渲染器进行城市规划设计、建筑方案设计、景观设计以及室内设计等。本书共18章,每章分别介绍一个技术版块的内容,讲解过程细腻,实例数量丰富,通过大量的实例练习,读者可以轻松而有效地掌握软件使用技术。 | |
| 606 | 0 | @a建筑设计@x计算机辅助设计@x应用软件@j教材 |
| 610 | 0 | @aSketchUP |
| 690 | @aTU201.4@v4 | |
| 701 | 0 | @a马亮@9ma liang@4编著 |
| 701 | 0 | @a王芬@9wang fen@4编著 |
| 701 | 0 | @a边海@9bian hai@4编著 |
| 801 | 0 | @aCN@b91MARC@c20171023 |
| 905 | @b1027591-5@dTU201.4@f5@e1081 | |
| 中文版Google SketchUp Pro 8.0完全自学教程/马亮,王芬,边海编著.-北京:人民邮电出版社,2012.1h2014.12 |
| 421页:彩图;26cm+1光盘 |
| ISBN 978-7-115-26747-4:CNY88.00 |
| 本书从SketchUp 8.0的基本操作入手,结合大量的可操作性实例(134个实战和8个综合实例),全面而深入地阐述了SketchUp 8.0的建模、材质、动画与插件等方面的技术。在软件运用方面,本书还结合了3ds Max、Photoshop与VRay渲染器进行讲解,向读者展示了如何运用SketchUp 8.0结合这些软件及VRay渲染器进行城市规划设计、建筑方案设计、景观设计以及室内设计等。本书共18章,每章分别介绍一个技术版块的内容,讲解过程细腻,实例数量丰富,通过大量的实例练习,读者可以轻松而有效地掌握软件使用技术。 |
| ● |
| 相关链接 |
|
|
|
|
正题名:中文版Google SketchUp Pro 8.0完全自学教程
索取号:TU201.4/1081
 
预约/预借
| 序号 | 登录号 | 条形码 | 馆藏地/架位号 | 状态 | 备注 |
| 1 | 1027591 | 210275913 | 第二样本阅览室/ [索取号:TU201.4/1081] | 在馆 | |
| 2 | 1027592 | 210275922 | 密集书库-生命科学系/ [索取号:TU201.4/1081] | 在馆 | |
| 3 | 1027593 | 210275931 | 第三借阅区/ [索取号:TU201.4/1081] | 在馆 | |
| 4 | 1027594 | 210275940 | 第三借阅区/ [索取号:TU201.4/1081] | 在馆 | |
| 5 | 1027595 | 210275959 | 第三借阅区/ [索取号:TU201.4/1081] | 在馆 |